000 00312nam a22001217a 4500
040 _cHS
082 _a510
100 _aអ៊ុន ប៊ុនលាង
245 _aម៉ាទ្រីស
260 _aRoyal university agriculture
_bអ៊ុន ប៊ុនលាង
_c2001
300 _a114p;
942 _cKB
999 _c8593
_d8593